000 00943nam a2200241 i 4500
001 bg
100 1 _aŚCIBOR, Tadeusz.
245 1 0 _aPrawno-ekonomiczne zagadnienia ochrony środowiska.
_nT. 3,
_pKontroling ochrony środowiska /
_cTadeusz Ścibor ; Politechnika Lubelska.
260 _aLublin :
_bWydaw. Uczelniane PL,
_c1996.
300 _a259 s. ;
_c24 cm.
500 _aU góry okł. nazwa przedmiotu : Inżynieria środowiska.
504 _aBibliogr. s. 255-259, źródła prawa ochrony środowiska s. 243-254.
650 9 _aŚrodowisko człowieka
_xgospodarka
_xkontrola
_xprawo
_zPolska
_ystan na 1996 r.
650 9 _aŚrodowisko człowieka
_xhigiena i ochrona
_xprawo
_zPolska
_ystan na 1996 r.
655 _aPodręczniki akademickie
020 _a8386333642 (t. 3)
040 _cBPK
041 0 _apl
080 _a349.6(438)(075.8)
920 _a83-86333-64-2 (t. 3)
942 _cKS
008 s pl f |000 0 pol
999 _c31591
_d31591
856 _uhttp://koha.tu.koszalin.pl/cgi-bin/koha/opac-detail.pl?biblionumber=31591
_yKatalog online BPK